Analýzy zvarových spojov tenkých plechov zváraných laserom

Gespeichert in:
Bibliographische Detailangaben
1. Verfasser: Drienovský, Lukáš (Verfasst von)
Weitere Verfasser: Hazlinger, Marián (Betreuung Doktorarbeit)
Format: Manuskript Buch
Sprache:Slowakisch
Veröffentlicht: 2020
Schlagworte:
Online-Zugang:http://is.stuba.sk/zp/portal_zp.pl?podrobnosti=151370
Tags: Tag hinzufügen
Keine Tags, Fügen Sie das erste Tag hinzu!

MARC

LEADER 00000ntm a22000003a 4500
001 stuzp78534
003 SK-STU
005 20200704212159.5
007 ta
008 150427s2015----xo-----f-mn---000-0-slo-d
040 |a STU  |b slo 
041 0 |a slo 
100 1 |a Drienovský, Lukáš  |u 061000  |k Z4  |4 aut  |U MTF Materiálovotechnologická fakulta  |T MTF Ústav materiálov  |X 80196  |U M1000  |Y 81  |7 80196 
242 0 1 |a Laser weld joints analysis of thin plates  |y eng 
245 1 0 |a Analýzy zvarových spojov tenkých plechov zváraných laserom 
260 |c 2020 
650 4 |a analýza mikroštruktúry  |2 slo 
650 4 |a karoséria automobilu  |2 slo 
650 4 |a zvarový spoj  |2 slo 
650 4 |a zváranie laserom  |2 slo 
650 4 |a mechanické skúšky  |2 slo 
650 4 |a welded joint  |2 eng 
650 4 |a microstructure analysis  |2 eng 
650 4 |a car body  |2 eng 
650 4 |a laser welding  |2 eng 
650 4 |a mechanical tests  |2 eng 
700 1 |a Hazlinger, Marián  |u 061000  |k Z1  |4 ths  |U MTF Materiálovotechnologická fakulta  |T MTF Ústav materiálov  |X 289  |U M1000  |Y 81  |7 A000000289 
856 4 |u http://is.stuba.sk/zp/portal_zp.pl?podrobnosti=151370 
996 |c M* DP-14191  |l MMSKP  |s P  |a 0  |w stuzp78534_0001